| 000 | 01649cad a22002535a 4500 | ||
|---|---|---|---|
| 001 | L150341 | ||
| 008 | 100916s2010 xxkd f s 000 0 eng d | ||
| 035 | _a(Sirsi) u150964 | ||
| 041 | 0 | _aeng | |
| 050 | 0 | 4 | _a333.33 $2 18 |
| 110 | 2 |
_aColliers International _95548 |
|
| 245 | 0 | 0 |
_aProperty Snapshot _bAugust 2010 _h[electronic resource] |
| 260 |
_aLondon _bColliers _c2010 |
||
| 490 | 0 |
_aUnited Kingdom Property Snapshot _vAugust 2010 |
|
| 520 | _aDoubts about provisional GDP figures are secondary to robust service sector growth results suggesting economic momentum. Investment transactions are happening despite the summer lull with pricing remaining stable and competition keen across core and specialist markets. London continues outperforming the rest of the UK in the retail occupier market. City Grade A office demand remains healthy with the West End stable. In the logistics and industrial sector established strategic locations remain best placed to take advantage of what demand there is. Residential worst case scenario is that house prices might not reach the last market peak levels for a decade. | ||
| 590 | _aKA | ||
| 650 | 2 | 4 | _aCOLLIERS PROPERTY SNAPSHOT |
| 651 | 4 |
_aUnited Kingdom _y |
|
| 690 | _aPROPERTY-COMMERCIAL PROPERTY-COMMERCIAL PROPERTY MARKET | ||
| 690 | _aPROPERTY-RESIDENTIAL PROPERTY-RESIDENTIAL PROPERTY MARKET | ||
| 690 | _aPROPERTY-COMMERCIAL PROPERTY-COMMERCIAL PROPERTY FINANCE AND INVESTMENT | ||
| 856 | 4 | 0 |
_uhttps://www.colliers.com/Markets/UK/content/MarketReports/ResearchReports/20100811_Property_Snapshot_Aug_2010.pdf _zView this report free of charge (PDF file) at www.colliers.com |
| 942 | _n0 | ||
| 999 |
_c111063 _d111063 |
||